|
|
|
|
| LEADER |
00000cam a2200000 a 4500 |
| 001 |
vtls001486153 |
| 003 |
SK-MaSNL |
| 005 |
20260302062132.0 |
| 008 |
240226s2004 xo a frf 000 0 slo |
| 015 |
|
|
|a SNBA2005/04-01427
|
| 020 |
|
|
|a 8088828309
|q (brožované)
|
| 035 |
|
|
|a SNK000441446
|
| 035 |
|
|
|a urn:nbn:sk:snk-am3j3kf
|
| 035 |
|
|
|a CE13CFF3-A768-4E79-B5FF-44B833D27BC4
|
| 035 |
|
|
|a urn:nbn:sk:snk-am00ggxu
|
| 040 |
|
|
|a SNK
|b slo
|c SNK
|e AACR2
|
| 041 |
0 |
|
|a slo
|
| 044 |
|
|
|a xo
|c SK
|
| 072 |
|
7 |
|a 616
|x Patológia. Klinická medicína
|2 konspekt
|
| 080 |
|
|
|a (035)
|2 2011
|
| 080 |
|
|
|a 616.379-008.64
|2 2011
|
| 100 |
1 |
|
|a Schroner, Zbynek
|4 aut
|9 267142
|
| 245 |
1 |
0 |
|a Cukrovka
|b epidémia tretieho tisícročia
|c Zbynek Schroner ; [ilustrácie Zuzana Čajková]
|
| 250 |
|
|
|a 1. vyd.
|
| 260 |
|
|
|a Košice
|b Oriens
|c 2004
|
| 300 |
|
|
|a 63 strán
|b ilustrácie
|c 21 cm
|
| 650 |
0 |
7 |
|a diabetes mellitus
|2 SNKPH
|9 72741
|
| 655 |
|
7 |
|a príručky
|2 SNKPH
|9 74364
|
| 700 |
1 |
|
|a Čajková, Zuzana
|4 ill
|9 652083
|
| 919 |
|
|
|a 80-88828-30-9
|
| 958 |
|
|
|a MI
|
| 958 |
|
|
|a OND
|
| 999 |
|
|
|c 1128067
|d 1129997
|
| 952 |
|
|
|t P60, <03>, [BOOK], {603}, -K-
|a SNK
|b SNK
|y PREZ
|7 0
|p 17A0451239
|o snkSC 118139
|i snkKSP 15060/2004
|0 0
|1 0
|4 0
|d 2004-11-30
|f 1
|l 0
|r 2025-10-07 00:00:00
|w 2026-02-24
|
| 952 |
|
|
|t P60, <04>, [BOOK], {604}
|a SNK
|b SNKPULT
|y VYP
|7 0
|p 17A0451240
|o snkSC 118139 D1
|i snkKSP 15061/2004
|0 0
|1 0
|4 0
|d 2004-11-30
|l 1
|m 2
|q 2026-06-17
|r 2026-02-28 18:53:02
|s 2026-02-28
|w 2026-02-24
|